| 000 | 00816cam a2200277 a 4500 | ||
|---|---|---|---|
| 008 | |||
| 020 | _a0750685182 (pbk.) | ||
| 049 | 0 | 0 | _aMAIN |
| 090 |
_aTK6553 _bBOW |
||
| 100 | 1 | _aBowick, Chris. | |
| 245 | 1 | 0 |
_aRF circuit design / _cChris Bowick with Christopher Blyler and Cheryl Ajluni. |
| 250 | _a2nd ed. | ||
| 260 |
_aAmsterdam : _bNewnes, _c2008. |
||
| 300 |
_axi, 243 p. : _bill. ; _c29 cm. |
||
| 500 | _aIncludes index. | ||
| 504 | _aIncludes bibliographical references. | ||
| 650 | 0 |
_aRadio circuits _cDesign and construction. |
|
| 650 | 0 | _aRadio frequency. | |
| 700 | _aAjluni, Cheryl. | ||
| 700 | _aBlyler, John. | ||
| 907 |
_a.b10278965 _b22-06-10 _c16-06-10 |
||
| 003 | |||
| 005 | 20230123125026.0 | ||
| 040 | _cNUST | ||
| 942 |
_cBOOKS _kTK6553 _mBOW |
||
| 999 |
_c134409 _d134409 |
||